00453nam a22001697a 450000500170000000800410001702000180005804000210007604100080009708200170010510000290012224500570015125000120020826000330022030000100025365000200026320231012112131.0231012b ||||| |||| 00| 0 eng d a9789391060213 aIN-DiNCcIN-DiNC dasm a301.072bDAS aDasgupta, Piyalieauthor aMethods of sociological enquiry/cby Piyali Dasgupta a1st ed. aDibrugarh:bBanalata,c2021. a307p. aSocial research